00433nam a2200181 a 4500001001300000003000900013005001700022008004100039020001000080082001300090100001700103245002100120260003600141300000900177500003500186650001300221700001700234nice12345678IN_TiNIC20260116015339.0100205s1969 wesa grp 000 0 eng  ac50000a230bRAH aRahner, Karl aGrace in Freedom aWest Germany bHerder KG c1969 a267p aincludes index and biblioraphy aTheology1 aRahner, Karl